000 00589nam a2200205Ia 4500
003 GCL
008 140319s9999 xx 000 0 ara d
040 _aGCL /
_cGCL
082 0 4 _a839.82
_bا ب
100 1 _aابسن، هنريك
245 1 0 _aالبطة البرية : مسرحية فى خمسة فصول /
_cابسن، هنريك
700 1 _aكامل يوسف
300 _a192 ص
490 _a
650 0 4 _aالادب
650 0 4 _aالادب العالمى
650 0 4 _aالادب النرويجى
650 0 4 _aالمسرحيات النرويجية
942 _2ddc
_cBK
999 _c42277
_d42277